Tastes of Thailand / (Record no. 10443)
[ view plain ]
| 000 -LEADER | |
|---|---|
| fixed length control field | 00572nam a22002057a 4500 |
| 003 - CONTROL NUMBER IDENTIFIER | |
| control field | OSt |
| 005 - DATE AND TIME OF LATEST TRANSACTION | |
| control field | 20151116101709.0 |
| 008 - FIXED-LENGTH DATA ELEMENTS--GENERAL INFORMATION | |
| fixed length control field | 130906t xxu||||| |||| 00| 0 eng d |
| 020 ## - INTERNATIONAL STANDARD BOOK NUMBER | |
| International Standard Book Number | 97878634433020 |
| 050 ## - LIBRARY OF CONGRESS CALL NUMBER | |
| Classification number | TX 724.5 |
| Item number | .H412 1997 |
| 082 ## - DEWEY DECIMAL CLASSIFICATION NUMBER | |
| Classification number | HS 641.529 |
| Item number | H32 1997 |
| 100 ## - MAIN ENTRY--PERSONAL NAME | |
| Personal name | Hay, Donna |
| 9 (RLIN) | 16714 |
| 245 ## - TITLE STATEMENT | |
| Title | Tastes of Thailand / |
| Statement of responsibility, etc | Donna Hay. |
| 260 ## - PUBLICATION, DISTRIBUTION, ETC. (IMPRINT) | |
| Place of publication, distribution, etc | Autralia : |
| Name of publisher, distributor, etc | AJ. B. fairfax Press Publication, |
| Date of publication, distribution, etc | c1997. |
| 300 ## - PHYSICAL DESCRIPTION | |
| Extent | 82 p. ; |
| Other physical details | ill. col. ; |
| Dimensions | 28 cm. |
| 650 ## - SUBJECT ADDED ENTRY--TOPICAL TERM | |
| Topical term or geographic name as entry element | Cookery |
| General subdivision | Ethnic |
| 9 (RLIN) | 16715 |
| 650 ## - SUBJECT ADDED ENTRY--TOPICAL TERM | |
| Topical term or geographic name as entry element | Cookery |
| 9 (RLIN) | 12409 |
| 942 ## - ADDED ENTRY ELEMENTS (KOHA) | |
| Source of classification or shelving scheme | Library of Congress Classification |
| Koha item type | Books |
| Withdrawn status | Lost status | Source of classification or shelving scheme | Damaged status | Home library | Current library | Shelving location | Date acquired | Total Checkouts | Full call number | Barcode | Date last seen | Copy number | Price effective from | Koha item type |
|---|---|---|---|---|---|---|---|---|---|---|---|---|---|---|
| Library of Congress Classification | Luxembourg Library | Luxembourg Library | High School Section | 09/06/2013 | TX 724.5 .H412 1997 | 15528 | 09/06/2013 | 1 | 09/06/2013 | Books |